000
00330nam a2200121Ia 4500
008
191206s9999 xx 000 0 und d
090
_a
KF6368.L4
245
2
_a
A student's approach to Income tax
250
_a
2008 ed.
260
_a
butterworths
260
_c
c2008
999
_c
15381
_d
15381